| 000 | 00381nam a2200133Ia 4500 | ||
|---|---|---|---|
| 008 | 231017s9999 xx 000 0 und d | ||
| 082 | _a388.4 | ||
| 082 | _bLUK | ||
| 245 | 0 | _aAustroads Technical Report: Implementation of National Network Performance Indicators: First Round Results - AP-T122/09 | |
| 245 | 0 | _cAustroads | |
| 260 | _bAustroads | ||
| 300 | _c30cm | ||
| 942 | _cREP | ||
| 999 |
_c604172 _d604172 |
||